000 00324nam a22001337a 4500
008 250429b |||||||| |||| 00| 0 eng d
020 _a10:041534948
050 _aJL 19
_b.F55
100 _aFlint Colin
245 _aIntroduction to Geo-politic
260 _aUSA and Canada
_bRoutledge
_c2006
300 _a237p.
942 _cBK
999 _c3245
_d3245